| 000 | 00663nam a22002175i 4500 | ||
|---|---|---|---|
| 001 | 176493 | ||
| 003 | ES-MaACL | ||
| 005 | 20240527155933.0 | ||
| 008 | 110119s1959 sp a |||| | ita d | ||
| 080 | _a341.232(4):061.1 | ||
| 245 | 0 | 0 |
_aUnitat espiritual d'Europa / _cPius XII ... [et al.]. |
| 260 |
_aSarrià (Barcelona) : _bEditorial Franciscana, _c1959. |
||
| 300 |
_a158 p. : _bil. bl. y n. ; _c18 cm. |
||
| 490 | 1 |
_aCritèrion ; _v1 |
|
| 546 | _aTexto en italiano. | ||
| 651 | 0 | 0 |
_a _9236688 |
| 700 | 0 |
_aPío _bXII, _cPapa. _992302 |
|
| 830 | 0 |
_aCritèrion ; _v1 _9190117 |
|
| 852 |
_aES-MaACL _jE-14095 _xOlim P-735 |
||
| 999 |
_c176493 _d176493 |
||